| 000 | 01037nam a2200277 a 4500 | ||
|---|---|---|---|
| 001 | ES-MaREB01154918-5 | ||
| 003 | OSt | ||
| 005 | 20171101085221.0 | ||
| 008 | 110308s2000 espa e 001 0 spa d | ||
| 020 | _a970-10-2316-1 | ||
| 040 | _cBMC | ||
| 082 | _a611.8 | ||
| 100 | 1 |
_919805 _aBarr, Murray L. _d1908-1995 |
|
| 245 | 1 | 3 |
_aEl sistema nervioso humano _b: un punto de vista anatómico _cBarr ; John A. Kiernan ; traducción, Alejandro Sandoval Romero ; revisión técnica, Vicente Guerrero Juárez |
| 250 | _a7ª ed | ||
| 260 |
_aMéxico, D.F. (etc.) _bMcGraw-Hill _c2000 |
||
| 300 |
_a470 p. _bil. bl. y n. _c25 cm _e+ 1 disco compacto. |
||
| 500 | _aÍndice alfabético: p. 453-470 | ||
| 504 | _aBibliografia al final de cada capítulo | ||
| 594 | _1Traducción de: Barr's the human nervous system, 9th ed. | ||
| 650 | 2 | 4 |
_aNeuroanatomía _919606 |
| 700 | 1 |
_aKiernan, John Alan _919607 |
|
| 700 | 1 |
_aSandoval Romero, Alejandro _919610 |
|
| 700 | 1 |
_aGuerrero Juárez, Vicente _919611 |
|
| 942 |
_2ddc _cBK _hprozim |
||
| 999 |
_c10554 _d10554 |
||